Svět podle Druckera
Život a dielo P. F. Druckera v kocke. Manažment ako samostatná a univerzálna disciplína. Podnikový manažment, účel podnikovej organizácie, vedúca osobnosť a jej úloha podľa P. Druckera. Z myšlienok P. Druckera o manažmente.
Gespeichert in:
| 1. Verfasser: | |
|---|---|
| Format: | Buchkapitel |
| Sprache: | Tschechisch |
| Schlagworte: | |
| Tags: |
Keine Tags, Fügen Sie das erste Tag hinzu!
|
MARC
| LEADER | 00000naa$a2200000$$$4500 | ||
|---|---|---|---|
| 001 | 0106577 | ||
| 005 | 20231213141131.1 | ||
| 041 | 0 | |a cze | |
| 044 | |a CZ | ||
| 245 | 1 | 0 | |a Svět podle Druckera |c Vlastimil Grus |
| 520 | |a Život a dielo P. F. Druckera v kocke. Manažment ako samostatná a univerzálna disciplína. Podnikový manažment, účel podnikovej organizácie, vedúca osobnosť a jej úloha podľa P. Druckera. Z myšlienok P. Druckera o manažmente. | ||
| 610 | 2 | 0 | |a manažment |
| 610 | 2 | 0 | |a riadenie podnikové |
| 610 | 2 | 0 | |a manažéri |
| 610 | 2 | 0 | |a stratégia podniková |
| 610 | 2 | 0 | |a efektívnosť |
| 100 | 1 | |a Grus, Vlastimil | |